De la poesía

Uloženo v:
Podrobná bibliografie
Hlavní autor: Montale, Eugenio (autor)
Médium: Kniha
Jazyk:španělština
Vydáno: Valencia Pre-Textos 1995
Edice:Poéticas, 233
Témata:
Tagy: Přidat tag
Žádné tagy, Buďte první, kdo vytvoří štítek k tomuto záznamu!

MARC

LEADER 00000nam a2200000 a 4500
001 UCL3486
003 CL-VaPUC
008 031128e19950000SP |||||||||||||||||spa|d
020 |a 8481910317 
082 0 4 |a 851.9  |b MON  |2 21 
100 |a Montale, Eugenio  |e autor  |9 313853 
245 1 0 |a De la poesía 
300 |a 220 p 
942 |c BK 
945 |d 20031128 00:00:00  |a cmena 
260 |a Valencia  |b Pre-Textos  |c 1995 
650 7 |a POESIA ITALIANA  |2 CL-VaPUC  |9 336930 
650 0 |a Crítica e interpretación literaria  |9 266284 
583 |a last modification  |c 20031128 00:00:00  |k Rodrigo Vera 
490 0 |a Poéticas, 233 
999 |c 306521  |d 306519 
952 |0 0  |1 0  |4 0  |6 851_900000000000000_MON_1995  |7 0  |8 A  |9 371564  |a BIBART  |b BIBART  |d 2019-11-21  |i 396681K  |l 2  |m 2  |o 851.9 MON 1995  |p 396681K  |r 2025-03-13  |s 2024-03-13  |w 2019-11-21  |y BK  |k ART